01504nam a2200409Ic 450000100060000000300100000600500170001600700030003300800410003602000150007702000180009202000340011004000350014404100080017908400060018710000440019324500850023725000440032226400520036630000350041833600270045333700330048033800280051349000230054150000550056452100360061965000430065565000450069865000460074365000420078965000340083165000470086570000250091294200150093799900170095295201250096958600CO-BoRNBP20250827145251.0ta170306s2007 ck a g 000 0 spa  a9583003370 a9789583003370 a97895830034012q(Colección) aCO-BoRNBPbspaerdacCO-BoRNBP aspa aN aNiño, Jairo Aníbal,d1941-2010eaut10aDe las alas caracolí /cJairo Aníbal Niño ; ilustraciones de Daniel Jaime. aPrimera ediciónbNovena reimpresión 1aBogotá, Colombia :bPanamericana,c2007c2014 a140 páginas :bilustraciones atextobtxt2rdacontent asin mediaciónbn2rdamedia avolumenbnc2rdacarrier aLiteratura juvenil aIncluye datos biográficos del autor en la solapa aRecomendado desde los 12 años07aColores en la literatuara2lemb96362307aPescadores en la literatura2lemb96362407aSolidaridad en la literatura2LEMB95827907aAventuras en la literatura2LEMB949204aNovela colombiana2LEMB9119304aLiteratura colombianaySiglo XX2LEMB9427 aJaime, Daniel963096 2loccBKLIT c58600d58600 00102ddc40708INFaMECASARIbMECASARIcLITd2025-08-27l0oNpMDA001275r2025-08-27 14:53:20tEj.1w2025-08-27yBKLIT